| 000 | 00860nam a2200253 i 4500 | ||
|---|---|---|---|
| 001 | 181963 | ||
| 003 | ES-MaACL | ||
| 005 | 20231019192418.0 | ||
| 008 | 130509s1978 sp r |||| | glg | ||
| 020 | _a84-85134-93-1 | ||
| 080 | _a869.9-14"19" | ||
| 100 | 1 |
_aBarros, Tomás ( _d1922-1986) _926051 |
|
| 245 | 1 | 0 |
_aAbraio / _c[por] Tomás Barros ; limiar de Salvador Lorenzana. |
| 260 |
_aSada, A. Coruña : _bEdic. do Castro, _cimp. 1978. |
||
| 300 |
_a137 p., 2 h. ; _c19 cm. |
||
| 490 | 1 | _aColección "Nordes" de Poesía | |
| 500 | _aIndice. | ||
| 700 | 1 | 1 |
_aLorenzana, Salvador. _974134 |
| 830 | 0 |
_aColección "Nordes" de Poesía _9224782 |
|
| 852 |
_aES-MaACL _jA-12640 _9188872 _bR.148890 _cDEPO1 _dOlim: N-5641 _xDonación: Araceli Barros Cao |
||
| 903 |
_9234352 _aBarros Cao, Araceli _ednr |
||
| 942 |
_2udc _cMONOGRAFIA |
||
| 999 |
_c181963 _d181963 |
||